LEADER 00821nam a2200193 i 4500 001 000000252488 003 CaOOAMICUS 005 20170223000000.0 008 170223s1820 it u000 u ita u 013 $a231393 026 $aonio s-da oin- enun (3) 1820 (A) 040 $aSeMil$bita 245 10$aTomo 1. 300 $aXXVIII, 251, [1] p., [22] c. di tav. :$bill. 773 0 $aEngel, Johann Jakob <1741-1802>$tLettere intorno alla mimica di G. G. Engel. Versione dal tedesco di G. Rasori. Aggiuntovi i capitoli sei sull'arte rappresentativa di L. Riccoboni. Tomo 1.-[2.].$dMilano : Batelli e Fanfani, 1820.$g1$w()6944 850 $aSeMil 852 $aSeMil$W1$xVenegono$y1$m3Q III 4 FA$j202834$B202834$CSeMilBibl$Z2$F216208 $8I 961 $aRecupero: Mantegazza 996 $6245$aTomo 1$9(OLS)http://semarc/title/46685 LEADER 01693nam a2200277 4500 001 000000340803 003 CaOOAMICUS 005 20200629121401.0 008 200629s1743 it 000 u ita r 026 $ao-la tee- t'la l're (3) 1743 (R) 040 $aSeMil$bita 041 0 $aita$alat 110 21$aConfraternita della SS. Trinitą della redenzione degli schiavi cristiani .$0(OLS)http://semarc/name/111634 245 00$aRegole della ven. Confraternitą canonicamente eretta nella Chiesa prepositurale d'Agliate, sotto l'invocazione della SS.ma Trinitą della redenzione degli schiavi cristiani, riconosciute, ed approvate nella Curia arcivescovile di Milano. Col sommario delle indulgenze concedute ... 264 1$aIn Milano :$bNella Stampa di Paolo Antonio Montano,$c1743. 300 $a48 p. :$bantip. xilogr. ;$c4° 500 $aSegn.: A-C8 650 4$aCongregazioni e confraternite religiose - Milano - Sec. 16.-18.$0(OLS)http://semarc/subject/49109 700 1 $aMontano, Paolo Antonio,$c.$0(OLS)http://semarc/name/82553 752 $aIT$dMilano 850 $aSeMil 852 $aSeMil$W1$xVenegono$y1$m3Z V 14/3 FA$j219606$B231828$CSeMilBibl$Z2$F231828 $8I 941 1 $a10 996 $6245$aRegole della ven. Confraternitą canonicamente eretta nella Chiesa prepositurale d'Agliate, sotto l'invocazione della SS.ma Trinitą della redenzione degli schiavi cristiani, riconosciute, ed approvate nella Curia arcivescovile di Milano. Col sommario delle indulgenze concedute ...$9(OLS)http://semarc/title/429883 996 $6264$aIn Milano :$bNella Stampa di Paolo Antonio Montano$9(OLS)http://semarc/publisher/56489